Mercados radicales : cómo erradicar el capitalismo y la democracia para una sociedad justa /

Detalles Bibliográficos
Autores principales: Posner, Eric A., 1965- (Autor), Weyl, E. Glen (Eric Glen), 1985- (Autor)
Otros Autores: Álvarez de la Miyar, Helena (Traductor)
Formato: Electrónico eBook
Lenguaje:español
inglés
Publicado: Barcelona : Antoni Bosch editor, [2018]
Materias:
Acceso en línea:Digitalia Hispánica

MARC

LEADER 00000nam a2200000Ii 4500
001 DIGANBSCH0025
003 NyNyDIG
006 m o d
007 cr |||||||||||
008 240103s2018 sp ob 001 0 spa d
035 |a (OCoLC)1417820894 
040 |a DGITA  |b eng  |e rda  |e pn  |c DGITA 
020 |a 9788494737688  |q eBook 
020 |z 9788494737671 
041 1 |a spa  |h eng 
050 1 4 |a HB501 ebook 
082 0 4 |a 330.122  |2 23 
100 1 |a Posner, Eric A.,  |d 1965-  |e author. 
240 1 0 |a Radical markets.  |l Spanish  |s (Álvarez de la Miyar) 
245 1 0 |a Mercados radicales :  |b cómo erradicar el capitalismo y la democracia para una sociedad justa /  |c Eric A. Posner y E. Glen Weyl ; traducción de Helena Álvarez de la Miyar. 
264 1 |a Barcelona :  |b Antoni Bosch editor,  |c [2018] 
300 |a 1 online resource. 
336 |a text  |b txt  |2 rdacontent 
337 |a computer  |b c  |2 rdamedia 
338 |a online resource  |b cr  |2 rdacarrier 
347 |a text file  |2 rdaft 
347 |b EPUB 
504 |a Includes bibliographical references and index. 
588 0 |a Online resource; title from ePub title page (Digitalia, viewed January 3, 2024) 
650 0 |a Capitalism. 
650 0 |a Democracy. 
650 0 |a Free enterprise. 
650 0 |a Competition. 
650 0 |a Right of property. 
700 1 |a Weyl, E. Glen  |q (Eric Glen),  |d 1985-  |e author. 
700 1 |a Álvarez de la Miyar, Helena,  |e translator. 
700 1 |i Translation of:  |a Posner, Eric A.,  |d 1965-  |t Radical markets. 
791 2 |a Digitalia (Firm),  |e distributor. 
793 0 |g Digitalia eBook Collection:  |a Antoni Bosch Editor 
776 0 8 |i Print version:  |a Posner, Eric A., 1965-  |s Radical markets. Spanish (Álvarez de la Miyar).  |t Mercados radicales.  |d Barcelona : Antoni Bosch editor, [2018]  |z 9788494737671 
856 4 0 |3 Digitalia Hispánica  |u https://www.digitaliapublishing.com/a/98202/ 
910 |a Premium collection: 2024